Hóa hữu cơ 2
Giáo trình hóa hữu cơ gồm 26 chương với 26 chất và hợp chất hữu cơ. Mỗi chất và hợp chất tác giả giới thiệu tên, lý tính, điều chế, phản ứng, ứng dụng trong đời sống,...Cuối giáo trình là các bài tập ứng dụng....
Αποθηκεύτηκε σε:
| Κύριος συγγραφέας: | |
|---|---|
| Μορφή: | Βιβλίο |
| Γλώσσα: | Undetermined |
| Έκδοση: |
Cần Thơ
Trường Đại học Cần Thơ
2006
|
| Θέματα: | |
| Ετικέτες: |
Προσθήκη ετικέτας
Δεν υπάρχουν, Καταχωρήστε ετικέτα πρώτοι!
|
| Thư viện lưu trữ: | Trung tâm Học liệu Trường Đại học Cần Thơ |
|---|
| LEADER | 00953nam a2200205Ia 4500 | ||
|---|---|---|---|
| 001 | CTU_126825 | ||
| 008 | 210402s9999 xx 000 0 und d | ||
| 082 | |a 547.007 | ||
| 082 | |b H513/T.2 | ||
| 100 | |a Nguyễn, Văn Hùng | ||
| 245 | 0 | |a Hóa hữu cơ 2 | |
| 245 | 0 | |c Nguyễn Văn Hùng, Thái Thị Tuyết Nhung | |
| 260 | |a Cần Thơ | ||
| 260 | |b Trường Đại học Cần Thơ | ||
| 260 | |c 2006 | ||
| 520 | |a Giáo trình hóa hữu cơ gồm 26 chương với 26 chất và hợp chất hữu cơ. Mỗi chất và hợp chất tác giả giới thiệu tên, lý tính, điều chế, phản ứng, ứng dụng trong đời sống,...Cuối giáo trình là các bài tập ứng dụng. | ||
| 650 | |a Chemistry, outli | ||
| 650 | |x Organic,Outlines, syllabi, etc. | ||
| 904 | |i Năm | ||
| 980 | |a Trung tâm Học liệu Trường Đại học Cần Thơ | ||